Инновационный бизнес: формирование моделей коммерциализации перспективных разработок: учебное пособие

Dades bibliogràfiques
Autor corporatiu: Академия народного хозяйства при Правительстве Российской Федерации (АНХ)
Altres autors: Антонец В. А. Владимир Александрович, Нечаева Н. В. Наталья Владиславовна, Хомкин К. А. Константин Александрович, Шведова В. В. Вера Владимировна
Sumari:Учебное пособие содержит широкий набор практических рекомендаций, цель которых — формирование у читателей навыков построения эффективного бизнеса, основанного как на перспективных научно-технических разработках, так и на оригинальных управленческих решениях. Пособие может быть использовано в программах подготовки управленческих кадров и специалистов различного уровня для национальной инновационной инфраструктуры, а также сотрудников предприятий, в чьи функции входит управление разработкой, производством и продвижением нового продукта. Пособие также может использоваться для самоподготовки.
Idioma:rus
Publicat: Москва, Дело, 2009
Col·lecció:Образовательные инновации
Matèries:
Format: MixedMaterials Llibre
KOHA link:https://koha.lib.tpu.ru/cgi-bin/koha/opac-detail.pl?biblionumber=159822

MARC

LEADER 00000nam0a2200000 4500
001 159822
005 20231101222136.0
010 |a 9785774905317 
035 |a (RuTPU)RU\TPU\book\173338 
090 |a 159822 
100 |a 20090515d2009 m y0rusy50 ca 
101 0 |a rus 
102 |a RU 
105 |a a j 001zy 
200 1 |a Инновационный бизнес: формирование моделей коммерциализации перспективных разработок  |e учебное пособие  |f В. А. Антонец [и др.]  |g Академия народного хозяйства при Правительстве Российской Федерации (АНХ) 
210 |a Москва  |c Дело  |d 2009 
215 |a 320 с.  |c ил. 
225 1 |a Образовательные инновации 
320 |a Библиогр.: с. 315-317. 
330 |a Учебное пособие содержит широкий набор практических рекомендаций, цель которых — формирование у читателей навыков построения эффективного бизнеса, основанного как на перспективных научно-технических разработках, так и на оригинальных управленческих решениях. Пособие может быть использовано в программах подготовки управленческих кадров и специалистов различного уровня для национальной инновационной инфраструктуры, а также сотрудников предприятий, в чьи функции входит управление разработкой, производством и продвижением нового продукта. Пособие также может использоваться для самоподготовки. 
606 1 |a Инновационная экономика  |2 stltpush  |3 (RuTPU)RU\TPU\subj\67863  |9 83511 
610 1 |a инновации 
610 1 |a инновационная деятельность 
610 1 |a инновационный бизнес 
610 1 |a технологии 
610 1 |a коммерциализация 
610 1 |a модели 
610 1 |a интеллектуальная деятельность 
610 1 |a новые технологии 
610 1 |a рынок 
610 1 |a технологический аудит 
610 1 |a методика 
610 1 |a бизнес-идеи 
610 1 |a разработка 
610 1 |a классификация 
610 1 |a оценка 
610 1 |a ранжирование 
610 1 |a научно-техническое развитие 
610 1 |a научно-техническое прогнозирование 
610 1 |a стратегическое управление 
610 1 |a информационные технологии 
610 1 |a статистические методы 
610 1 |a экономическое прогнозирование 
610 1 |a экспертные методы 
610 1 |a комплексные методы 
610 1 |a дерево целей 
610 1 |a конкурентные стратегии 
610 1 |a зарубежный опыт 
610 1 |a Россия 
610 1 |a учебные пособия 
686 |a У9(2)0-551я73  |v LBC/SL-A  |2 rubbk 
701 1 |a Антонец  |b В. А.  |g Владимир Александрович 
701 1 |a Нечаева  |b Н. В.  |g Наталья Владиславовна 
701 1 |a Хомкин  |b К. А.  |g Константин Александрович 
701 1 |a Шведова  |b В. В.  |g Вера Владимировна 
712 0 2 |a Академия народного хозяйства при Правительстве Российской Федерации (АНХ)  |c (Москва)  |2 stltpush  |3 (RuTPU)RU\TPU\col\415 
801 1 |a RU  |b 63413507  |c 20090515  |g PSBO 
801 2 |a RU  |b 63413507  |c 20120918  |g RCR 
900 |a Инновационный менеджмент 
942 |c BK 
959 |a 58/20090508  |d 1  |e 404,30  |f ЧЗГЛ:1